Statistics for Rock and Roll by Letter E

Click here to take the quiz!

General Stats

  • This quiz has been taken 70 times
  • The average score is 6 of 15

Answer Stats

HintAnswer% Correct
The King of Rock and RollElvis
92%
"The Final Countdown"Europe
88%
Duo consisting of Annie Lennox and David StewartEurythmics
85%
Bass player for the WhoJohn Entwistle
56%
Produced albums for Talking Heads, Devo, U2 and ColdplayBrian Eno
47%
Manager of the Fab FourBrian Epstein
47%
Long Road Out of Eden tourThe Eagles
44%
Written by Jim Morrison, this song runs 11 minutes and 43 seconds on their debut albumThe End
41%
Ninth studio album of Bob Marley and the WailersExodus
27%
John, Paul and George all played this brand of guitarEpiphone
24%
A music genre that encompasses styles such as techno, house, ambient, drum and bass and jungle among othersElectronica
14%
Band formed in 1991 by Art AlexakisEverclear
14%
Frontman for House of Pain. Also a solo artist known as?Everlast
10%
Barenaked Ladies song from their debut album "Gordon"Enid
7%
Keith Richards song from solo album "Main Offender"Eileen
2%

Score Distribution

Percentile by Number Answered

Percent of People with Each Score

Your Score History

You have not taken this quiz